Avaliação na escola de 2º grau (Record no. 60636)

MARC details
000 -LÍDER
campo de controle de tamanho fixo 00409 a2200157 4500
001 - NÚMERO DE CONTROLE
campo de controle 60636
020 ## - ISBN - INTERNATIONAL STANDARD BOOK NUMBER
ISBN - International Standard Book Number 853080242X
040 ## - FONTE DA CATALOGAÇÃO
Instituição que transcreveu o registro Anchieta - Pituba
100 ## - ENTRADA PRINCIPAL--NOME PESSOAL
Nome pessoal Gama, Zacarias Jaegger
240 10 - TÍTULO UNIFORME
Título uniforme Avaliação na escola de 2º grau
Idioma da obra por
245 10 - TÍTULO
Título Avaliação na escola de 2º grau
300 ## - DESCRIÇÃO FÍSICA
Extensão 172
362 0# - DATAS DE PUBLICAÇÃO E/OU DESIGNAÇÃO SEQUENCIAL
Datas de publicação e/ou designação sequencial 1993
650 #4 - ASSUNTO--TERMO TÓPICO
Cabeçalho tópico ou nome geográfico Exames e testes, prognóstico acadêmico e colocação
942 ## - ELEMENTOS DE ENTRADA ADICIONADOS (KOHA)
Tipo de material Koha Livros
Holdings
Situação do descarte Situação das perdas Situação física Não pode ser emprestado Biblioteca de origem Biblioteca atual Data de aquisição Total de empréstimos Número de chamada completo Código de barras Data de último acesso Data do preço efetivo Tipo de material Koha
        Colégio Anchieta - Pituba Colégio Anchieta - Pituba 21/11/2023   371.26 G184a GAM AVA 12374/PIT 21/11/2023 21/11/2023 Livros